Ocenenia CE.ZA.AR 2005

Bibliographic Details
Format: Article
Language:Slovak
Subjects:

MARC

LEADER 00000nab a2200000 a 4500
001 vtls008418754
003 SK-MaSNL
005 20260304134436.0
008 250505c2005 xo mr|p|||||||000 b|slo
015 |a SNBRB2005/12  |2 snkbucl 
035 |a urn:nbn:sk:snk-ab85le 
035 |a (urnnbn)urn:nbn:sk:snk:ar-006ga3 
035 |a (uuid)af008489-9662-4445-b513-72233618a921 
038 |a SNKBUCL 
040 |a SNKBUCL  |b slo  |c SNKBUCL  |e AACR2 
041 0 |a slo 
044 |a xo  |c SK 
080 |a 72:06.068  |x (437.6)  |2 1997 
080 |a 06.068:72  |x (437.6)  |2 1997 
245 0 0 |a Ocenenia CE.ZA.AR 2005 
300 |b Fotogr. 
650 0 7 |a CE. ZA. AR (cena za architektúru)  |y za r. 2005  |2 snkbucl  |9 1067010 
650 0 7 |a ceny za architektúru  |2 snkbucl  |9 842825 
773 0 |t Fórum architektúry  |g Roč. XV, č. 11 (2005), s. 15  |x 1336-0264 
850 |a Slovenská národná knižnica 
852 |a Slovenská národná knižnica 
954 |a odborná, vedecká literatúra pôvodná (slovenská)  |2 lita 
958 |a article9 
958 |a OND 
958 |a SK 
958 |a EUIPO 
999 |c 2906856  |d 2908786